Ciencia ficción : (Registro nro. 10611)

Detalles MARC
000 -LIDER
fixed length control field 00810cam a22003017 4500
001 - NÚMERO DE CONTROL
Identificador de número de control a3317
003 - IDENTIFICACDOR DE NÚMERO DE CONTROL
control field DO-SdBNP
005 - DATE AND TIME OF LATEST TRANSACTION
control field 20180208112037.0
007 - CAMPOS FIJOS DE DESCRIPCIÓN FÍSICA
fixed length control field a3317
008 - ELEMENTOS DE LONGITUD FIJA
fixed length control field 080218s1997 sp | |||| 000 spa
015 ## - NÚMERO DENTRO DE LA BIBLIOGRAFÍA NACIONAL
National bibliography number
017 ## - NÚMERO DE REGISTRO DE DERECHOS DE AUTOR
Copyright or legal deposit number
Assigning agency
020 ## - ISBN
International Standard Book Number 9681903544
035 ## - NÚMERO LOCAL
System control number
040 ## - FUENTE DE CATALOGACIÓN
Agencia que crea de manera original el registro BPMSU
Idioma de catalogación spa
Agencia que realiza la transcripción BPMSU
Convenciones de la despripción
044 ## - CÓDIGO DE PAÍS DEL EDITOR/DISTRIBUIDOR
MARC country code
--
080 ## - NÚMERO DE CLASIFICACIÓN DECIMAL UNIVERSAL
Universal Decimal Classification number
082 #4 - NÚMERO DE CLASIFICACIÓN DECIMAL DE DEWEY
Classification number
Item number
Edition number
245 00 - MENCIÓN DE TITULO
Título Ciencia ficción :
Subtítulo antología /
Mención de responsabilidad selección y prólogo de Ricardo Bernal
Medio (Designación general de material)
250 ## - MENCIÓN DE EDICION
Mención de edición
260 ## - PUBLICACIÓN, DISTRIBUCIÓN, ETC. (PIE DE IMPRENTA)
Lugar de publicación, distribución, etc Madrid :
Nombre del editor, distribuidor, etc. Alfaguara,
Fecha de publicación, distribución, etc 1997
Lugar de impresión
Fecha de impresión (reimpresión, 2006)
300 ## - DESCRIPCIÓN FÍSICA
Extensión 195 p. ;
Dimensiones 22 cm
650 #7 - ENCABEZAMIENTO DE MATERIA--TEMÁTICO
Término temático o nombre geográfico como elemento de entrada Novelas de ciencia ficción
Subdivisión de forma Libros infantiles
Fuente del encabezamiento o término embne
700 1# - ASIENTO SECUNDARIO -- NOMBRE PERSONAL
Nombre personal Bernal, Ricardo
942 ## - ADDED ENTRY ELEMENTS (KOHA)
Source of classification or shelving scheme Dewey Decimal Classification
Koha item type Libros
945 ## - INFORMACIÓN DE PROCESAMIENTO LOCAL
Información de procesamiento local inventariado, 2018 / dg
956 ## - LOCAL ELECTRONIC LOCATION AND ACCESS (OCLC)
Nombre de host VMATEO
Número de acceso 10
Información de compresión 20160627
Trayectoria BPMSU
Nombre Electrónico 00069
Existencias
Withdrawn status Lost status Source of classification or shelving scheme Damaged status Not for loan Collection code Home library Current library Date acquired Source of acquisition Total Checkouts Barcode Date last seen Price effective from Koha item type Copy number
    Dewey Decimal Classification     Colección General Biblioteca Pública Metropolitana Salomé Ureña Biblioteca Pública Metropolitana Salomé Ureña 06/27/2016 ALFAGUARA   BPMSU16060625 06/27/2016 06/27/2016 Libros  
    Dewey Decimal Classification     Colección General Biblioteca Pública Metropolitana Salomé Ureña Biblioteca Pública Metropolitana Salomé Ureña 06/27/2016 ALFAGUARA   BPMSU16060626 06/27/2016 06/27/2016 Libros e. 2
    Dewey Decimal Classification     Colección General Biblioteca Pública Metropolitana Salomé Ureña Biblioteca Pública Metropolitana Salomé Ureña 06/27/2016 ALFAGUARA   BPMSU16060627 06/27/2016 06/27/2016 Libros e. 3